| 000 | 00751nam a2200181 a 4500 | ||
|---|---|---|---|
| 008 | 061003s2004 ||||||||||||||||| || u | ||
| 050 | _aUNO(058)GAOR/59/12 | ||
| 110 | _aUnited Nations Organisation (UNO) | ||
| 245 | 1 | 0 |
_aReport of the United Nations High Commissioner for Refugees, 2003 _cby United Nations |
| 260 |
_aNew York: _bUNO _c2004 |
||
| 300 | _aiii;26p.; ill. | ||
| 350 | _a0.00 | ||
| 490 | _aGeneral Assembly Official Records | ||
| 500 | _aGeneral Assembly official records.fifty-ninth session supplement No. 12 (A/59/12) | ||
| 650 | _aREFUGEES--UNITED NATIONS | ||
| 650 | _aREFUGEES | ||
| 995 |
_FCBU-MAIN LIBRARY (Kitwe) _I0.00 _UAVAILABLE _WJan 30, 2019 _ZInternational Publications |
||
| 999 |
_c56173 _d56173 |
||